[Event "Joao Pessoa op"]
[Site "Joao Pessoa"]
[Date "2023.03.18"]
[Round "4"]
[White "Louchard, Romulo Furtado"]
[Black "Santos, Joao Vitor Rodrigue"]
[Result "0-1"]
[WhiteElo "1602"]
[BlackElo "1757"]
[PlyCount "94"]
[EventDate "2023.03.17"]
[EventType "swiss"]
[EventRounds "6"]
[EventCountry "BRA"]
[SourceTitle "EXT 2024"]
[Source "ChessBase"]
[SourceDate "2023.10.10"]
[SourceVersion "1"]
[SourceVersionDate "2023.10.10"]
[SourceQuality "1"]

1. d4 d5 2. c4 e6 3. Nc3 c6 4. Nf3 Bd6 5. Bg5 Ne7 6. e4 dxe4 7. Nxe4 Bc7 8. Bd3 0-0 9. 0-0 f6 10. Be3 Nf5 11. Qc2 Nd7 12. Ng3 Bxg3 13. hxg3 Nxe3 14. Bxh7+ Kh8 15. fxe3 f5 16. Bg6 Qf6 17. Nh4 Qg5 18. Qe2 Nf6 19. Rf4 Bd7 20. c5 Be8 21. Bxe8 Raxe8 22. Nf3 Qxg3 23. Ne5 Kg8 24. Raf1 Re7 25. R1f3 Qg5 26. Rh3 Nd7 27. Nf3 Qf6 28. Rfh4 Kf7 29. Qf2 e5 30. Qg3 Ke8 31. Rh8 exd4 32. Rxf8+ Nxf8 33. Qb8+ Kf7 34. Rh8 Re8 35. Qc7+ Qe7 36. Ng5+ Kg6 37. Qxe7 Rxe7 38. Rxf8 Kxg5 39. exd4 Rd7 40. Rb8 Kf4 41. Re8 g5 42. Kf2 Rxd4 43. Re2 Rc4 44. g3+ Kg4 45. Rd2 Rxc5 46. Rd4+ f4 47. Rd2 Rd5 0-1

[Event "Joao Pessoa op"]
[Site "Joao Pessoa"]
[Date "2023.03.17"]
[Round "2"]
[White "Quaranta Neto, Francisco"]
[Black "Santos, Joao Vitor Rodrigue"]
[Result "1/2-1/2"]
[WhiteElo "1998"]
[BlackElo "1757"]
[PlyCount "59"]
[EventDate "2023.03.17"]
[EventType "swiss"]
[EventRounds "6"]
[EventCountry "BRA"]
[SourceTitle "EXT 2024"]
[Source "ChessBase"]
[SourceDate "2023.10.10"]
[SourceVersion "1"]
[SourceVersionDate "2023.10.10"]
[SourceQuality "1"]

1. e4 e5 2. Nf3 Nc6 3. Bb5 a6 4. Bxc6 dxc6 5. d4 exd4 6. Qxd4 Qxd4 7. Nxd4 c5 8. Ne2 Bd7 9. Be3 0-0-0 10. Nd2 Nf6 11. f3 h6 12. 0-0-0 g6 13. Rhe1 b6 14. Nf4 Bc6 15. Nc4 Nd7 16. e5 g5 17. Nh5 Bb5 18. Na3 Nxe5 19. Rxd8+ Kxd8 20. Nxb5 axb5 21. Bxc5 Nd3+ 22. cxd3 Bxc5 23. Ng7 Kd7 24. d4 Bb4 25. Re4 Bd6 26. h3 Ra8 27. Kb1 Bf8 28. Nf5 Ra5 29. g4 b4 30. b3 1/2-1/2

[Event "BRA-ch 88th"]
[Site "Recife"]
[Date "2022.12.19"]
[Round "7"]
[White "Santos, Joao Vitor Rodrigue"]
[Black "De Andrade, Dalson Holanda Cav"]
[Result "1-0"]
[WhiteElo "1748"]
[BlackElo "1919"]
[PlyCount "105"]
[EventDate "2022.12.15"]
[EventType "swiss"]
[EventRounds "11"]
[EventCountry "BRA"]
[SourceTitle "CBM 212 Extra"]
[Source "ChessBase"]
[SourceDate "2023.03.31"]
[SourceVersion "1"]
[SourceVersionDate "2023.03.31"]
[SourceQuality "1"]

1. e4 c5 2. Nf3 d6 3. d4 cxd4 4. Nxd4 Nf6 5. Bd3 a6 6. 0-0 Qc7 7. Be3 Nc6 8. c4 e6 9. Nc3 g6 10. h3 Bg7 11. Qd2 Nxd4 12. Bxd4 0-0 13. Rac1 Bd7 14. Be3 Rfe8 15. Rfd1 Qa5 16. Be2 Red8 17. b4 Qc7 18. a4 Bf8 19. a5 Re8 20. Bb6 Qb8 21. Qf4 Be7 22. h4 Rc8 23. h5 Bc6 24. hxg6 hxg6 25. Rd3 d5 26. Qh4 Kg7 27. Rh3 Rh8 28. Qxh8+ Qxh8 29. Rxh8 Rxh8 30. exd5 exd5 31. b5 axb5 32. cxb5 Bd7 33. a6 bxa6 34. bxa6 Rc8 35. Bd4 Kf8 36. Ra1 Bc6 37. Bb5 Ba8 38. Na4 Bd8 39. Rb1 Ke7 40. Re1+ Kd6 41. Be5+ Ke6 42. Bc7+ Kf5 43. Re5+ Kf4 44. Re8+ Rxc7 45. Rxd8 Rc1+ 46. Bf1 Bc6 47. Rc8 Ne4 48. a7 Nd2 49. Rxc6 Rxf1+ 50. Kh2 Ra1 51. Rf6+ Kg4 52. f3+ Kh4 53. Rf4+ 1-0

[Event "BRA-ch 88th"]
[Site "Recife"]
[Date "2022.12.17"]
[Round "3"]
[White "Santos, Joao Vitor Rodrigue"]
[Black "Leal, Matheus G Guerra Ca"]
[Result "1-0"]
[WhiteElo "1748"]
[BlackElo "1753"]
[PlyCount "91"]
[EventDate "2022.12.15"]
[EventType "swiss"]
[EventRounds "11"]
[EventCountry "BRA"]
[SourceTitle "CBM 212 Extra"]
[Source "ChessBase"]
[SourceDate "2023.03.31"]
[SourceVersion "1"]
[SourceVersionDate "2023.03.31"]
[SourceQuality "1"]

1. e4 e5 2. Nf3 Nc6 3. Bc4 Bc5 4. c3 Nf6 5. d3 0-0 6. 0-0 h6 7. Re1 d6 8. Nbd2 Bg4 9. Nf1 Qd7 10. h3 Bh5 11. Ng3 Bg6 12. Nh4 Bh7 13. Qf3 Ne7 14. Bxh6 Rfe8 15. Bg5 d5 16. Bb3 Qd6 17. Bxf6 Qxf6 18. Qxf6 gxf6 19. Nh5 Kh8 20. Nxf6 Red8 21. Rad1 dxe4 22. dxe4 Kg7 23. Nxh7 Kxh7 24. g3 Ng6 25. Nf5 f6 26. Kg2 Rd7 27. Rxd7+ Kh8 28. Rf7 Rd8 29. Rxf6 Kh7 30. Bf7 Rd7 31. Bxg6+ Kh8 32. Re3 Kg8 33. Rf3 Rd8 34. Bf7+ Kf8 35. h4 Be7 36. Nxe7 Kxe7 37. Re6+ Kd7 38. Rd3+ Kc8 39. Rxd8+ Kxd8 40. h5 c5 41. h6 b5 42. h7 b4 43. h8Q+ Kc7 44. Qe8 bxc3 45. Rc6+ Kb7 46. Qc8# 1-0

[Event "BRA-ch 88th"]
[Site "Recife"]
[Date "2022.12.16"]
[Round "2"]
[White "De Souza, Joao Victor Soares"]
[Black "Santos, Joao Vitor Rodrigue"]
[Result "1/2-1/2"]
[WhiteElo "1800"]
[BlackElo "1748"]
[PlyCount "104"]
[EventDate "2022.12.15"]
[EventType "swiss"]
[EventRounds "11"]
[EventCountry "BRA"]
[SourceTitle "CBM 212 Extra"]
[Source "ChessBase"]
[SourceDate "2023.03.31"]
[SourceVersion "1"]
[SourceVersionDate "2023.03.31"]
[SourceQuality "1"]

1. e4 e5 2. Nf3 Nc6 3. Bb5 a6 4. Ba4 Nf6 5. 0-0 b5 6. Bb3 Be7 7. Re1 d6 8. h3 Na5 9. d4 Nxb3 10. axb3 Bb7 11. d5 0-0 12. Nbd2 Nd7 13. Nf1 f5 14. exf5 Rxf5 15. Ng3 Rf7 16. Ne4 Nb6 17. Neg5 Rf6 18. Qd3 g6 19. Ne6 Qd7 20. c4 c6 21. Be3 bxc4 22. bxc4 cxd5 23. Bxb6 Qxe6 24. cxd5 Qxd5 25. Qe3 Raf8 26. Ra5 Qc4 27. Rc1 Qe6 28. Ng5 Qf5 29. g4 Qxf2+ 30. Qxf2 Rxf2 31. Bxf2 Bxg5 32. Rd1 Bd8 33. Ra3 d5 34. Rb3 Bc6 35. Bc5 Re8 36. Re1 d4 37. Bxd4 exd4 38. Rxe8+ Bxe8 39. Rb8 Bg5 40. Rxe8+ Kf7 41. Ra8 d3 42. Rxa6 d2 43. Rd6 Ke7 44. Rd3 Ke6 45. Kf2 Ke5 46. Ke2 h5 47. gxh5 gxh5 48. b4 h4 49. b5 Ke4 50. Rxd2 Bxd2 51. Kxd2 Kd5 52. Ke3 Kc5 1/2-1/2

[Event "Natal zt 2.4"]
[Site "Natal"]
[Date "2022.10.06"]
[Round "6"]
[White "Pinto, Carlos Henrique Lop"]
[Black "Santos, Joao Vitor Rodrigue"]
[Result "1/2-1/2"]
[WhiteElo "2152"]
[BlackElo "1651"]
[PlyCount "78"]
[EventDate "2022.10.03"]
[EventType "swiss"]
[EventRounds "9"]
[EventCountry "BRA"]
[SourceTitle "EXT 2024"]
[Source "ChessBase"]
[SourceDate "2023.10.10"]
[SourceVersion "1"]
[SourceVersionDate "2023.10.10"]
[SourceQuality "1"]

1. d4 Nf6 2. c4 e6 3. Nf3 d5 4. g3 Be7 5. Bg2 c5 6. 0-0 0-0 7. cxd5 cxd4 8. dxe6 Bxe6 9. Nxd4 Bd5 10. Nf5 Bxg2 11. Kxg2 Bc5 12. Nc3 Qc8 13. Qd3 Rd8 14. Qf3 Qc6 15. e4 Nbd7 16. Bf4 Re8 17. Rfe1 Ne5 18. Bxe5 Rxe5 19. Qf4 Rae8 20. f3 g6 21. Nh6+ Kg7 22. Ng4 Nxg4 23. fxg4 Bb4 24. Rac1 Qe6 25. Qf3 Kg8 26. Nd5 Bxe1 27. Nf6+ Kf8 28. Rxe1 Re7 29. g5 Rf5 30. Qc3 Rxf6 31. gxf6 Re8 32. Qc5+ Kg8 33. e5 Rc8 34. Rd1 h5 35. Qe3 Rc2+ 36. Kg1 Rc8 37. Rd6 Qxa2 38. Rd1 Qe6 39. Rd6 Qa2 1/2-1/2

[Event "Joao Pessoa Fischer Memorial 11th"]
[Site "Joao Pessoa"]
[Date "2022.05.07"]
[Round "3"]
[White "Santos, Joao Vitor Rodrigue"]
[Black "De Souza Neto, Hilton Vilarim"]
[Result "0-1"]
[WhiteElo "1576"]
[BlackElo "1840"]
[PlyCount "100"]
[EventDate "2022.05.06"]
[EventType "swiss"]
[EventRounds "6"]
[EventCountry "BRA"]
[SourceTitle "EXT 2023"]
[Source "ChessBase"]
[SourceDate "2022.10.05"]
[SourceVersion "1"]
[SourceVersionDate "2022.10.05"]
[SourceQuality "1"]

1. e4 c5 2. Nf3 Nc6 3. d4 cxd4 4. Nxd4 Nf6 5. f3 e5 6. Nb3 d5 7. exd5 Nxd5 8. Be2 Be6 9. 0-0 Qb6+ 10. Kh1 Rd8 11. Qe1 Ne3 12. Bxe3 Qxe3 13. Bb5 Qxe1 14. Rxe1 Be7 15. N1d2 f6 16. f4 Bxb3 17. Nxb3 Bd6 18. Rad1 Kf7 19. Bc4+ Kg6 20. f5+ Kxf5 21. Bf7 Be7 22. Rf1+ Kg5 23. Rde1 g6 24. h4+ Kxh4 25. Rf3 f5 26. c4 e4 27. g3+ Kg5 28. Rf2 Nd4 29. Nd2 Bb4 30. Nxe4+ fxe4 31. Rxe4 Rhf8 32. a3 Rxf7 33. Rxf7 Nf5 34. axb4 Nxg3+ 35. Kg2 Nxe4 36. Rxh7 Rb8 37. Re7 Kf5 38. b5 g5 39. b4 Nd6 40. Rc7 Rc8 41. Rd7 Ke6 42. Rg7 Rxc4 43. b6 a6 44. Rxg5 Rxb4 45. Kf3 Rxb6 46. Ke3 Rb4 47. Kd3 b5 48. Rc5 a5 49. Rc6 Kd5 50. Ra6 a4 0-1

[Event "Potiguar-ch Classes"]
[Site "Natal"]
[Date "2019.09.08"]
[Round "4"]
[White "De Oliveira, Moises Alves Leite"]
[Black "Santos, Joao Vitor Rodrigue"]
[Result "1-0"]
[WhiteElo "1782"]
[BlackElo "1360"]
[PlyCount "59"]
[EventDate "2019.09.07"]
[EventType "swiss"]
[EventRounds "5"]
[EventCountry "BRA"]
[SourceTitle "EXT 2021"]
[Source "ChessBase"]
[SourceDate "2020.10.23"]
[SourceVersion "1"]
[SourceVersionDate "2020.10.23"]
[SourceQuality "1"]

1. e4 d6 2. d4 Nf6 3. Bd3 g6 4. c3 Bg7 5. Bg5 Nc6 6. Nd2 Bg4 7. Qb3 Qc8 8. h3 Bd7 9. f4 e5 10. Ngf3 exf4 11. Bxf4 0-0 12. 0-0-0 Na5 13. Qc2 b5 14. e5 dxe5 15. Nxe5 Rb8 16. b4 Nc6 17. Ndf3 Nd5 18. Be4 Nxf4 19. Bxc6 Be8 20. Rhf1 Bh6 21. Kb2 Rb6 22. Qe4 Bxc6 23. Nxc6 Qe6 24. Qxe6 Nxe6 25. Nfe5 Ra6 26. d5 Ng5 27. Nd7 Ra8 28. Nf6+ Kf8 29. h4 Rc8 30. hxg5 1-0

[Event "Natal Potiguar op 11th"]
[Site "Natal"]
[Date "2019.06.08"]
[Round "4"]
[White "Santos, Joao Vitor Rodrigue"]
[Black "Da Silva Neto, Emanuel Tavares"]
[Result "1-0"]
[WhiteElo "1305"]
[BlackElo "1642"]
[PlyCount "43"]
[EventDate "2019.06.07"]
[EventType "swiss"]
[EventRounds "6"]
[EventCountry "BRA"]
[SourceTitle "EXT 2020"]
[Source "ChessBase"]
[SourceDate "2019.10.17"]
[SourceVersion "1"]
[SourceVersionDate "2019.10.17"]
[SourceQuality "1"]

1. e4 c5 2. b3 e6 3. Bb2 d5 4. exd5 exd5 5. Nf3 Nf6 6. d4 cxd4 7. Nxd4 Nc6 8. Bb5 Qb6 9. 0-0 Be7 10. Re1 Bd7 11. Ba3 Qxd4 12. Qxd4 Nxd4 13. Rxe7+ Kd8 14. Bxd7 Nxd7 15. Nc3 Nxc2 16. Rd1 Nxa3 17. Nxd5 Re8 18. Rxf7 Kc8 19. Rc1+ Kd8 20. Rd1 Kc8 21. h3 Rd8 22. Rc1+ 1-0

[Event "Natal Potiguar op 11th"]
[Site "Natal"]
[Date "2019.06.07"]
[Round "2"]
[White "Santos, Joao Vitor Rodrigue"]
[Black "Batista Inacio, Pedro Lews"]
[Result "0-1"]
[WhiteElo "1305"]
[BlackElo "1622"]
[PlyCount "76"]
[EventDate "2019.06.07"]
[EventType "swiss"]
[EventRounds "6"]
[EventCountry "BRA"]
[SourceTitle "EXT 2020"]
[Source "ChessBase"]
[SourceDate "2019.10.17"]
[SourceVersion "1"]
[SourceVersionDate "2019.10.17"]
[SourceQuality "1"]

1. e4 e5 2. Nf3 Nc6 3. d4 exd4 4. Bc4 Be7 5. Nxd4 d6 6. Nxc6 bxc6 7. 0-0 Nf6 8. Nc3 0-0 9. Bf4 h6 10. f3 Be6 11. Bb3 d5 12. exd5 cxd5 13. Re1 Bb4 14. Re2 c5 15. Nb5 Qb6 16. Ba4 a6 17. Nc7 Rac8 18. c3 c4+ 19. Kh1 Bc5 20. Qd2 Rxc7 21. Bxc7 Qxc7 22. b4 Bb6 23. Rae1 Rd8 24. h4 d4 25. g4 Qg3 26. Bd1 Qxf3+ 27. Rg2 Qxc3 28. g5 Qxd2 29. Rxd2 hxg5 30. hxg5 Ne4 31. Rh2 Nxg5 32. Kg2 d3 33. Bf3 c3 34. Reh1 f6 35. Rh8+ Kf7 36. Rxd8 Bxd8 37. Re1 c2 38. Kf2 Bb6+ 0-1

[Event "Potiguar-ch sf"]
[Site "Natal"]
[Date "2018.12.01"]
[Round "4"]
[White "Do Nascimento, Davi Alves"]
[Black "Santos, Joao Vitor Rodrigue"]
[Result "1-0"]
[WhiteElo "1526"]
[BlackElo "1327"]
[PlyCount "67"]
[EventDate "2018.11.30"]
[EventType "swiss"]
[EventRounds "5"]
[EventCountry "BRA"]
[SourceTitle "EXT 2021"]
[Source "ChessBase"]
[SourceDate "2020.10.23"]
[SourceVersion "1"]
[SourceVersionDate "2020.10.23"]
[SourceQuality "1"]

1. e4 e5 2. Nf3 Nc6 3. Bc4 Be7 4. d4 exd4 5. Nxd4 Nf6 6. Nc3 0-0 7. Bg5 d6 8. 0-0 Ne5 9. Bxf6 Bxf6 10. Bb3 Re8 11. Nd5 c6 12. Nxf6+ Qxf6 13. f4 Nd7 14. e5 Qh6 15. Nf5 Qg6 16. Nxd6 Re7 17. f5 Qh6 18. Nxf7 Qe3+ 19. Kh1 Kf8 20. Qd6 Qc5 21. f6 Qxd6 22. exd6 Re2 23. fxg7+ Kxg7 24. Rae1 Rxe1 25. Rxe1 Nf6 26. Re7 Kg6 27. Ne5+ Kh6 28. d7 Bxd7 29. Nxd7 Nxd7 30. Rxd7 Re8 31. h3 Rb8 32. c4 a6 33. c5 a5 34. Bc2 1-0

[Event "BRA-ch U14"]
[Site "Florianopolis"]
[Date "2018.04.29"]
[Round "3"]
[White "Santos, Joao Vitor Rodrigue"]
[Black "Lorenzett, Otavio Augusto"]
[Result "0-1"]
[WhiteElo "1317"]
[BlackElo "1800"]
[PlyCount "55"]
[EventDate "2018.04.28"]
[EventType "swiss"]
[EventRounds "6"]
[EventCountry "BRA"]
[SourceTitle "EXT 2021"]
[Source "ChessBase"]
[SourceDate "2020.10.23"]
[SourceVersion "1"]
[SourceVersionDate "2020.10.23"]
[SourceQuality "1"]

1. e4 e5 2. Nf3 Nc6 3. Bc4 Nf6 4. d3 d5 5. exd5 Nxd5 6. c3 Bg4 7. Nbd2 Qd7 8. Ne4 0-0-0 9. Bd2 Nf6 10. Qe2 Nxe4 11. dxe4 Bc5 12. 0-0-0 Qd6 13. Bg5 Qg6 14. Rxd8+ Nxd8 15. Bb3 Bxf3 16. gxf3 Qxg5+ 17. Kb1 Qf6 18. Bc4 Ne6 19. Rd1 Nf4 20. Qf1 Rd8 21. Rxd8+ Qxd8 22. a3 Kb8 23. b4 Bb6 24. a4 a6 25. Be2 Nxe2 26. Qxe2 a5 27. Kc2 axb4 28. cxb4 0-1

[Event "BRA-ch U14"]
[Site "Florianopolis"]
[Date "2018.04.28"]
[Round "1"]
[White "Santos, Joao Vitor Rodrigue"]
[Black "Silva, Kaua Marques"]
[Result "0-1"]
[WhiteElo "1317"]
[BlackElo "1829"]
[PlyCount "86"]
[EventDate "2018.04.28"]
[EventType "swiss"]
[EventRounds "6"]
[EventCountry "BRA"]
[SourceTitle "EXT 2021"]
[Source "ChessBase"]
[SourceDate "2020.10.23"]
[SourceVersion "1"]
[SourceVersionDate "2020.10.23"]
[SourceQuality "1"]

1. e4 c5 2. b3 Nc6 3. Bb2 a6 4. Nc3 e6 5. f4 d5 6. exd5 exd5 7. Nf3 Bg4 8. Be2 Nf6 9. Ne5 Bxe2 10. Nxe2 d4 11. Rf1 Nxe5 12. fxe5 Nd7 13. Ng3 Qe7 14. Qe2 Qxe5 15. Qxe5+ Nxe5 16. 0-0-0 0-0-0 17. h3 b6 18. Ne4 Be7 19. Kb1 Rhe8 20. c4 Kc7 21. Ba1 Rd7 22. g3 g6 23. h4 f5 24. Ng5 Bxg5 25. hxg5 Nf7 26. Rde1 Rde7 27. Rxe7+ Rxe7 28. d3 Nxg5 29. a3 Re3 30. Kc2 Rxg3 31. b4 Rg2+ 32. Kc1 h5 33. bxc5 bxc5 34. Re1 Kd6 35. Rh1 f4 36. Rxh5 gxh5 37. Kd1 f3 38. Ke1 Re2+ 39. Kf1 h4 40. a4 h3 41. a5 h2 42. Bxd4 h1Q+ 43. Bg1 Qg2# 0-1

[Event "Natal Potiguar B1"]
[Site "Natal"]
[Date "2018.04.20"]
[Round "6.3"]
[White "Santos, Joao Vitor Rodrigue"]
[Black "Do Nascimento, Davi Alves"]
[Result "1-0"]
[WhiteElo "1317"]
[BlackElo "1455"]
[PlyCount "61"]
[EventDate "2018.04.13"]
[EventType "tourn"]
[EventRounds "9"]
[EventCountry "BRA"]
[SourceTitle "EXT 2022"]
[Source "ChessBase"]
[SourceDate "2021.10.06"]
[SourceVersion "1"]
[SourceVersionDate "2021.10.06"]
[SourceQuality "1"]

1. e4 c5 2. b3 d6 3. Bb2 a6 4. Nc3 Nf6 5. f4 Nbd7 6. Nf3 Qc7 7. Qe2 b5 8. e5 dxe5 9. fxe5 Ng8 10. 0-0-0 e6 11. Re1 Bb7 12. Nd1 0-0-0 13. g3 c4 14. bxc4 bxc4 15. Ng5 Nb6 16. Bg2 Bxg2 17. Qxg2 f6 18. Nxe6 Qd7 19. Nxd8 Qb5 20. Qc6+ Qxc6 21. Nxc6 Kc7 22. Nd4 fxe5 23. Ne6+ Kd7 24. Nxf8+ Ke7 25. Ba3+ Kf7 26. Rhf1+ Nf6 27. Rxe5 Rxf8 28. Bxf8 Kxf8 29. Ra5 c3 30. Nxc3 Kg8 31. Rxa6 1-0

[Event "Potiguar-ch Interiorano"]
[Site "Parnamirim"]
[Date "2018.01.13"]
[Round "2.11"]
[White "Santos, Joao Vitor Rodrigue"]
[Black "De Sousa Filho, Alexandre C Rodrigu"]
[Result "0-1"]
[WhiteElo "1321"]
[BlackElo "1467"]
[PlyCount "72"]
[EventDate "2018.01.12"]
[EventType "swiss"]
[EventRounds "5"]
[EventCountry "BRA"]
[SourceTitle "EXT 2022"]
[Source "ChessBase"]
[SourceDate "2021.10.06"]
[SourceVersion "1"]
[SourceVersionDate "2021.10.06"]
[SourceQuality "1"]

1. e4 c5 2. Nf3 Nc6 3. Bc4 Nf6 4. Nc3 g6 5. d3 Bg7 6. Be3 d6 7. h3 0-0 8. 0-0 Nd7 9. a3 Nde5 10. Nxe5 Nxe5 11. Ba2 Bd7 12. f4 Nc6 13. Qd2 Qb6 14. Rab1 Nd4 15. Nd5 Qd8 16. Kh1 e6 17. Nc3 Bc6 18. Ne2 d5 19. e5 Nxe2 20. Qxe2 d4 21. Bf2 b6 22. Qg4 h5 23. Qg5 Kh7 24. Qh4 Bh6 25. Be1 Qxh4 26. Bxh4 Rfc8 27. Kh2 Rc7 28. g4 hxg4 29. hxg4 Bd7 30. Kg3 b5 31. b3 a5 32. a4 bxa4 33. bxa4 Bxa4 34. Bb3 Bxb3 35. cxb3 a4 36. bxa4 Rxa4 0-1

[Event "Natal Potiguar-ch sf"]
[Site "Natal"]
[Date "2017.09.10"]
[Round "6"]
[White "Santos, Joao Vitor Rodrigue"]
[Black "Carvalho, Paulo Vinicius de M"]
[Result "1-0"]
[WhiteElo "1344"]
[BlackElo "1800"]
[PlyCount "51"]
[EventDate "2017.09.08"]
[EventType "swiss"]
[EventRounds "6"]
[EventCountry "BRA"]
[SourceTitle "CBM 180 Extra"]
[Source "ChessBase"]
[SourceDate "2017.10.06"]
[SourceVersion "1"]
[SourceVersionDate "2017.10.06"]
[SourceQuality "1"]

1. e4 e5 2. Nf3 Nc6 3. Bc4 Bc5 4. 0-0 Nf6 5. d3 d6 6. h3 0-0 7. Nc3 h6 8. Nd5 Be6 9. Nxf6+ Qxf6 10. Bb3 Nd4 11. Nxd4 Bxd4 12. Be3 Bxb2 13. Rb1 Bd4 14. c4 Bxe3 15. fxe3 Qh4 16. Qf3 f5 17. c5 fxe4 18. Bxe6+ Kh8 19. Qxe4 Qxe4 20. dxe4 Rfe8 21. Bd7 Red8 22. Ba4 dxc5 23. Rxb7 Rd2 24. Rxc7 Rxa2 25. Bc6 Ra3 26. Bxa8 1-0

[Event "Natal Potiguar op"]
[Site "Natal"]
[Date "2017.06.04"]
[Round "5"]
[White "Santos, Joao Vitor Rodrigue"]
[Black "De Lima, Enzo Magalhaes"]
[Result "1-0"]
[WhiteElo "1693"]
[BlackElo "1420"]
[PlyCount "51"]
[EventDate "2017.06.02"]
[EventType "swiss"]
[EventRounds "6"]
[EventCountry "BRA"]
[SourceTitle "EXT 2018"]
[Source "ChessBase"]
[SourceDate "2017.10.13"]
[SourceVersion "1"]
[SourceVersionDate "2017.10.13"]
[SourceQuality "1"]

1. e4 c6 2. d4 d5 3. exd5 cxd5 4. Nf3 Bg4 5. Bb5+ Nc6 6. c3 Nf6 7. Bf4 Qb6 8. Qe2 Bxf3 9. gxf3 e6 10. h3 Be7 11. a4 0-0 12. Qd2 Rfd8 13. Rg1 a6 14. Bd3 g6 15. h4 Na5 16. Bc2 Nc4 17. Qe2 Qxb2 18. Rg2 Qxa1 19. Bh6 b5 20. a5 Nh5 21. f4 Rd6 22. Qxh5 Na3 23. Bxg6 fxg6 24. Rxg6+ Kf7 25. Rg7+ Kf8 26. Rxh7+ 1-0

[Event "Natal Potiguar op"]
[Site "Natal"]
[Date "2017.06.02"]
[Round "1"]
[White "Da Silva, Igor Fernandes"]
[Black "Santos, Joao Vitor Rodrigue"]
[Result "1-0"]
[WhiteElo "1801"]
[BlackElo "1693"]
[PlyCount "71"]
[EventDate "2017.06.02"]
[EventType "swiss"]
[EventRounds "6"]
[EventCountry "BRA"]
[SourceTitle "EXT 2018"]
[Source "ChessBase"]
[SourceDate "2017.10.13"]
[SourceVersion "1"]
[SourceVersionDate "2017.10.13"]
[SourceQuality "1"]

1. e4 e5 2. Nf3 Nc6 3. Bb5 a6 4. Ba4 Nf6 5. 0-0 Be7 6. Re1 b5 7. Bb3 0-0 8. c3 d6 9. h3 Na5 10. Bc2 c5 11. d4 cxd4 12. cxd4 exd4 13. Nxd4 Re8 14. Bf4 Bf8 15. Nd2 Bb7 16. Rc1 Rc8 17. f3 Nh5 18. Be3 Nc4 19. Nxc4 bxc4 20. Ba4 Re7 21. Qd2 f6 22. g4 Ng3 23. Bf2 Nxe4 24. fxe4 Rxe4 25. Rxe4 Bxe4 26. Ne6 Qe7 27. Nxf8 Kxf8 28. Re1 Qe5 29. Bc2 d5 30. Bxe4 dxe4 31. Qd4 Qf4 32. Rxe4 Qc1+ 33. Re1 Qc2 34. Qd7 Rb8 35. Bc5+ Kg8 36. Re8+ 1-0

[Event "Natal University Circuito Potiguar I"]
[Site "Natal"]
[Date "2017.04.08"]
[Round "3.10"]
[White "Santos, Joao Vitor Rodrigue"]
[Black "Da Silva, Karina Ingryd Olive"]
[Result "0-1"]
[WhiteElo "1693"]
[BlackElo "1481"]
[PlyCount "84"]
[EventDate "2017.04.07"]
[EventType "swiss"]
[EventRounds "5"]
[EventCountry "BRA"]
[SourceTitle "EXT 2022"]
[Source "ChessBase"]
[SourceDate "2021.10.06"]
[SourceVersion "1"]
[SourceVersionDate "2021.10.06"]
[SourceQuality "1"]

1. e4 e6 2. d4 d5 3. Nc3 Bb4 4. e5 c5 5. Nf3 Qa5 6. Bd2 Nc6 7. a3 Bxc3 8. Bxc3 Qb6 9. Bb5 Qxb5 10. a4 Qb6 11. 0-0 Nge7 12. Qe2 cxd4 13. Bd2 Ng6 14. a5 Qxb2 15. Bg5 d3 16. Qxd3 Ncxe5 17. Nxe5 Qxe5 18. Bd2 0-0 19. Rfe1 Qc7 20. Bc3 Bd7 21. Re3 Bc6 22. Rg3 e5 23. Bb2 Nf4 24. Qf3 d4 25. Qg4 Ng6 26. Qh5 Bd7 27. Rc1 Nf4 28. Qg5 Ne2+ 29. Kh1 Nxg3+ 30. Qxg3 Qxa5 31. Ra1 Qd2 32. h3 Qxc2 33. Bxd4 exd4 34. Ra5 f6 35. Qd6 Qxf2 36. Qd5+ Kh8 37. Ra1 Bc6 38. Qxc6 bxc6 39. Kh2 Rfe8 40. Ra3 Re2 41. Rg3 Rb8 42. h4 Rb3 0-1